000 00848nam a22002297a 4500
005 20240530110601.0
008 160905s2014 ua a g b 000 0dara d
017 _a2013/1669
_bمصر . دار الكتب المصرية
020 _a9789772089864
040 _aEG-CaGPL
082 0 4 _221
_a915.3073
_bق/ ت أ
100 0 _aتغريد عرفة .
245 1 0 _aاثار القاهرة الاسلامية :
_bمن كتاب وصف مصر/
_cتغريد عرفة .
250 _aط1 .
260 _aالقاهرة :
_bمكتبة مدبولى ،
_c2014 .
300 _a255 ص :
_bايض ؛
_c24 سم .
490 0 _aصفحات من تاريخ مصر
_v64
504 _aببليوجرافية : ص245 - 252
651 0 4 _aالقاهره
_xالاثار الاسلاميه .
942 _2ddc
_cBK
999 _c62659
_d62659